Z Košickej hudobnej jari

Bibliographic Details
Main Author: Vajda, Igor, 1935-2001 (Author)
Format: Article
Language:Slovak

MARC

LEADER 00000nab a2200000uu 4500
001 vtls010883439
003 SK-MaSNL
005 20260426034403.0
008 230222|1961 xo |||||||||||||||||slo|
015 |a SNBRB 
035 |a (urnnbn)urn:nbn:sk:snk:ar-0025hc 
035 |a (uuid)bd8d6b78-9bb0-46ea-9459-cdc32ed4fa64 
035 |a urn:nbn:sk:snk-ab8eyv 
040 |a SNKBUCL  |b slo  |c SNKBUCL  |e AACR2 
041 0 |a slo 
044 |a xo  |c SK 
100 |a Vajda, Igor,  |d 1935-2001  |4 aut  |9 461792 
245 1 0 |a Z Košickej hudobnej jari  |c Igor Vajda 
773 0 |t Slovenská hudba : revue pre hudobnú kultúru  |g Roč. 5, č. 7-8 (1961), s. 348-349 
954 |a odborná, vedecká literatúra pôvodná (slovenská)  |2 lita 
958 |a OND 
958 |a EUIPO 
958 |a article10 
999 |c 2000250  |d 2002180